[Event "Pelotas Gaucho op"]
[Site "Pelotas"]
[Date "2023.10.15"]
[Round "7"]
[White "Lima, Joao Pedro Bastos"]
[Black "Brandt, Ladir Albano Becker"]
[Result "1/2-1/2"]
[WhiteElo "1800"]
[BlackElo "1648"]
[PlyCount "84"]
[EventDate "2023.10.12"]
[EventType "swiss"]
[EventRounds "7"]
[EventCountry "BRA"]
[SourceTitle "Mega2024 Update 01"]
[Source "Chessbase"]
[SourceDate "2023.11.12"]
[SourceVersion "1"]
[SourceVersionDate "2023.11.12"]
[SourceQuality "1"]

1. b3 e5 2. Bb2 Nc6 3. e3 Nf6 4. Bb5 d6 5. Nf3 Bd7 6. d4 exd4 7. Nxd4 Ne4 8. Be2 Be7 9. c4 0-0 10. Nc3 Nf6 11. 0-0 Nxd4 12. Qxd4 Bc6 13. Bf3 Bxf3 14. gxf3 Ne8 15. Kh1 Bf6 16. Qg4 g6 17. Rg1 Bg7 18. h4 Qc8 19. Qg3 Nf6 20. Nd5 Nxd5 21. Bxg7 Kxg7 22. cxd5 h5 23. Rac1 Qd7 24. Rg2 Kh7 25. Kh2 Rac8 26. Qh3 Qxh3+ 27. Kxh3 f5 28. Rcg1 Rg8 29. f4 Rce8 30. Kg3 Kg7 31. Kf3 Kf6 32. Ke2 c5 33. dxc6 bxc6 34. Kd3 Rb8 35. f3 Rbe8 36. Rc1 c5 37. e4 Rd8 38. Kc4 Rg7 39. Rd2 Rgd7 40. Rcd1 Ke6 41. Rg1 Kf6 42. Rgd1 Ke6 1/2-1/2

[Event "Pelotas Gaucho op"]
[Site "Pelotas"]
[Date "2023.10.12"]
[Round "2"]
[White "Pimenta, Elisandro da Silva"]
[Black "Brandt, Ladir Albano Becker"]
[Result "1-0"]
[WhiteElo "1848"]
[BlackElo "1648"]
[PlyCount "53"]
[EventDate "2023.10.12"]
[EventType "swiss"]
[EventRounds "7"]
[EventCountry "BRA"]
[SourceTitle "Mega2024 Update 01"]
[Source "Chessbase"]
[SourceDate "2023.11.12"]
[SourceVersion "1"]
[SourceVersionDate "2023.11.12"]
[SourceQuality "1"]

1. e4 e5 2. Nf3 Nc6 3. Bc4 Bc5 4. 0-0 Nf6 5. d4 Bxd4 6. Nxd4 Nxd4 7. f4 d6 8. fxe5 dxe5 9. Bg5 Be6 10. Na3 Qe7 11. c3 Bxc4 12. Nxc4 Ne6 13. Bxf6 gxf6 14. Kh1 Qc5 15. Qd5 Qxd5 16. exd5 Nf4 17. Ne3 0-0-0 18. c4 Rhg8 19. g3 Nh5 20. Nf5 Kb8 21. Nh6 Rg6 22. Nxf7 Rdg8 23. Rad1 Kc8 24. d6 cxd6 25. Nxd6+ Kb8 26. Nf5 Rg5 27. Rd7 1-0

[Event "Porto Alegre Regional Sul"]
[Site "Porto Alegre"]
[Date "2019.12.14"]
[Round "3"]
[White "Brandt, Ladir Albano Becker"]
[Black "Da Silva, Anderson Batista Br"]
[Result "0-1"]
[WhiteElo "1658"]
[BlackElo "1679"]
[PlyCount "90"]
[EventDate "2019.12.13"]
[EventType "swiss"]
[EventRounds "5"]
[EventCountry "BRA"]
[SourceTitle "EXT 2021"]
[Source "ChessBase"]
[SourceDate "2020.10.23"]
[SourceVersion "1"]
[SourceVersionDate "2020.10.23"]
[SourceQuality "1"]

1. c4 e5 2. Nc3 Nf6 3. g3 d5 4. cxd5 Nxd5 5. Bg2 Nb6 6. Nf3 Nc6 7. 0-0 Be7 8. d3 0-0 9. Be3 Be6 10. d4 exd4 11. Nxd4 Nxd4 12. Qxd4 Qxd4 13. Bxd4 c6 14. Ne4 Rfd8 15. Bc5 Kf8 16. Bxe7+ Kxe7 17. Nc5 Rab8 18. Nxe6 fxe6 19. Rfd1 Nc4 20. b3 Nb2 21. Rxd8 Rxd8 22. Kf1 Rd1+ 23. Rxd1 Nxd1 24. Be4 h6 25. Bd3 e5 26. Ke1 Nc3 27. a3 g5 28. Kd2 Nd5 29. e4 Nf6 30. f3 Kd6 31. h3 Nh5 32. g4 Nf4 33. Bf1 Kc5 34. Kc3 a5 35. b4+ axb4+ 36. axb4+ Kd6 37. Kc4 Ne6 38. Be2 Nd4 39. Bd1 b5+ 40. Kd3 Ne6 41. Kc3 Nf4 42. Kb3 Nxh3 43. Kc3 Nf4 44. Kb3 Ne6 45. Kc3 c5 0-1

[Event "Florianopolis op 5th"]
[Site "Florianopolis"]
[Date "2019.01.26"]
[Round "8"]
[White "Brandt, Ladir Albano Becker"]
[Black "Dias Filho, Pedro Stein"]
[Result "1/2-1/2"]
[WhiteElo "1710"]
[BlackElo "1507"]
[PlyCount "42"]
[EventDate "2019.01.21"]
[EventType "swiss"]
[EventRounds "10"]
[EventCountry "BRA"]
[SourceTitle "CBM 188 Extra"]
[Source "ChessBase"]
[SourceDate "2019.02.26"]
[SourceVersion "1"]
[SourceVersionDate "2019.02.26"]
[SourceQuality "1"]

1. c4 Nf6 2. Nf3 g6 3. g3 Bg7 4. Bg2 0-0 5. 0-0 d6 6. Nc3 Nc6 7. d3 e5 8. Rb1 a5 9. a3 Nd7 10. Nd5 Ne7 11. Bg5 f6 12. Nxe7+ Qxe7 13. Bd2 a4 14. Bb4 Nc5 15. Bxc5 dxc5 16. Nd2 f5 17. b4 axb3 18. Rxb3 Ra7 19. a4 b6 20. Ra3 Bb7 21. Bxb7 Rxb7 1/2-1/2

[Event "Florianopolis op 5th"]
[Site "Florianopolis"]
[Date "2019.01.26"]
[Round "9"]
[White "Leite, Tarcisio Dantas Fro"]
[Black "Brandt, Ladir Albano Becker"]
[Result "1/2-1/2"]
[WhiteElo "1546"]
[BlackElo "1710"]
[PlyCount "60"]
[EventDate "2019.01.21"]
[EventType "swiss"]
[EventRounds "10"]
[EventCountry "BRA"]
[SourceTitle "EXT 2020"]
[Source "ChessBase"]
[SourceDate "2019.10.17"]
[SourceVersion "1"]
[SourceVersionDate "2019.10.17"]
[SourceQuality "1"]

1. e4 d6 2. f4 e5 3. Nf3 exf4 4. Bc4 Be6 5. Qe2 Nf6 6. Nc3 Be7 7. d4 d5 8. Bb5+ c6 9. Bd3 dxe4 10. Nxe4 Nxe4 11. Bxe4 0-0 12. Bxf4 Re8 13. 0-0 Bf6 14. Qd3 g6 15. Ne5 Nd7 16. Rad1 Nxe5 17. dxe5 Be7 18. Qf3 Qb6+ 19. Kh1 Rad8 20. b3 Rxd1 21. Rxd1 Rd8 22. h3 Rxd1+ 23. Qxd1 Qd8 24. Qxd8+ Bxd8 25. Be3 Bb6 26. Bxb6 axb6 27. a4 Kf8 28. Kg1 Ke7 29. Kf2 f6 30. exf6+ Kxf6 1/2-1/2

[Event "Brazil Foz do Iguacu op"]
[Site "Foz do Iguacu"]
[Date "2018.05.19"]
[Round "7"]
[White "Brandt, Ladir Albano Becker"]
[Black "Calcado, Acyr Rogerio"]
[Result "0-1"]
[WhiteElo "1714"]
[BlackElo "2105"]
[PlyCount "40"]
[EventDate "2018.05.16"]
[EventType "swiss"]
[EventRounds "9"]
[EventCountry "BRA"]
[SourceTitle "CBM 184 Extra"]
[Source "ChessBase"]
[SourceDate "2018.06.28"]
[SourceVersion "1"]
[SourceVersionDate "2018.06.28"]
[SourceQuality "1"]

1. c4 e6 2. d4 d5 3. cxd5 exd5 4. Nc3 Bb4 5. Bd2 Nf6 6. Nf3 0-0 7. e3 b6 8. Be2 Bb7 9. 0-0 Nbd7 10. Rc1 Re8 11. a3 Bf8 12. h3 c5 13. Bb5 Bd6 14. Re1 c4 15. Bxd7 Qxd7 16. Nh2 b5 17. Na2 a5 18. Ra1 Ne4 19. Bc3 Bxh2+ 20. Kxh2 Nxf2 0-1

[Event "Brazil Foz do Iguacu op"]
[Site "Foz do Iguacu"]
[Date "2018.05.16"]
[Round "2"]
[White "Brandt, Ladir Albano Becker"]
[Black "Van Riemsdijk, Dirk Dagobert"]
[Result "0-1"]
[WhiteElo "1714"]
[BlackElo "1955"]
[PlyCount "69"]
[EventDate "2018.05.16"]
[EventType "swiss"]
[EventRounds "9"]
[EventCountry "BRA"]
[SourceTitle "CBM 184 Extra"]
[Source "ChessBase"]
[SourceDate "2018.06.28"]
[SourceVersion "1"]
[SourceVersionDate "2018.06.28"]
[SourceQuality "1"]

1. c4 c5 2. Nc3 Nf6 3. g3 d5 4. cxd5 Nxd5 5. Bg2 Nc7 6. Nf3 Nc6 7. d3 e5 8. 0-0 Be7 9. a3 0-0 10. Qc2 Be6 11. Be3 Rc8 12. Rac1 Nd4 13. Bxd4 cxd4 14. Ne4 f6 15. Qd1 a6 16. Ned2 Nd5 17. Rxc8 Qxc8 18. Qb1 b5 19. h4 a5 20. Kh2 Qc7 21. Qa1 a4 22. Bh3 Bxh3 23. Kxh3 h6 24. Ne1 Qc6 25. Nef3 Kh7 26. Kh2 Qc7 27. Qa2 Qd7 28. Qb1 Qc7 29. Qa2 Qc6 30. Qb1 Bd6 31. Ne4 Bb8 32. Ned2 f5 33. Rg1 Nf6 34. Rf1 Qd5 35. Rc1 0-1

[Event "Brazil Foz do Iguacu op"]
[Site "Foz do Iguacu"]
[Date "2018.05.16"]
[Round "1"]
[White "Coppola, Claudio"]
[Black "Brandt, Ladir Albano Becker"]
[Result "1-0"]
[WhiteElo "2223"]
[BlackElo "1714"]
[PlyCount "55"]
[EventDate "2018.05.16"]
[EventType "swiss"]
[EventRounds "9"]
[EventCountry "BRA"]
[SourceTitle "CBM 184 Extra"]
[Source "ChessBase"]
[SourceDate "2018.06.28"]
[SourceVersion "1"]
[SourceVersionDate "2018.06.28"]
[SourceQuality "1"]

1. d4 d5 2. Nf3 Nf6 3. c4 e6 4. g3 Nbd7 5. Bg2 Be7 6. 0-0 0-0 7. Bf4 Nh5 8. Nc3 Nxf4 9. gxf4 c6 10. e3 Nf6 11. Ne5 Nd7 12. Qc2 Nxe5 13. dxe5 f5 14. c5 Bxc5 15. Nxd5 cxd5 16. Qxc5 b6 17. Qc6 Bd7 18. Qd6 Rc8 19. Rfc1 Re8 20. Bf1 Ba4 21. Ba6 Rxc1+ 22. Rxc1 Qh4 23. b3 Qg4+ 24. Kf1 Qf3 25. Ke1 Qh1+ 26. Kd2 Qf3 27. bxa4 Qxf2+ 28. Be2 1-0

[Event "Porto Alegre Metropole op"]
[Site "Porto Alegre"]
[Date "2018.05.06"]
[Round "4"]
[White "Brandt, Ladir Albano Becker"]
[Black "Liesenfeld, Marcelo Leonardo"]
[Result "1/2-1/2"]
[WhiteElo "1714"]
[BlackElo "1376"]
[PlyCount "49"]
[EventDate "2018.05.04"]
[EventType "swiss"]
[EventRounds "5"]
[EventCountry "BRA"]
[SourceTitle "CBM 184 Extra"]
[Source "ChessBase"]
[SourceDate "2018.06.28"]
[SourceVersion "1"]
[SourceVersionDate "2018.06.28"]
[SourceQuality "1"]

1. c4 e5 2. g3 Nf6 3. Bg2 d5 4. cxd5 Nxd5 5. Nc3 c6 6. Nf3 Bd6 7. 0-0 0-0 8. d4 exd4 9. Nxd5 cxd5 10. Nxd4 Be6 11. Qb3 Nc6 12. Nxe6 fxe6 13. Qxb7 Nd4 14. Qa6 Qb6 15. Qxb6 axb6 16. e4 Nb3 17. Rb1 Nxc1 18. Rbxc1 Rxa2 19. exd5 Rxb2 20. Rb1 Rfxf2 21. Rxb2 Rxb2 22. dxe6 Bc5+ 23. Kh1 Rf2 24. Rxf2 Bxf2 25. Bd5 1/2-1/2

[Event "Florianopolis zt 2.4"]
[Site "Florianopolis"]
[Date "2017.04.29"]
[Round "5"]
[White "Gomes, Marco Tulio Caldeir"]
[Black "Brandt, Ladir Albano Becker"]
[Result "1-0"]
[WhiteElo "1759"]
[BlackElo "1786"]
[PlyCount "79"]
[EventDate "2017.04.26"]
[EventType "swiss"]
[EventRounds "9"]
[EventCountry "BRA"]
[SourceTitle "CBM 178 Extra"]
[Source "ChessBase"]
[SourceDate "2017.06.22"]
[SourceVersion "1"]
[SourceVersionDate "2017.06.22"]
[SourceQuality "1"]

1. c4 g6 2. Nc3 Bg7 3. g3 Nf6 4. e4 d6 5. Bg2 c5 6. Nge2 Nc6 7. 0-0 0-0 8. d3 a6 9. a3 Qc7 10. Nd5 Qd8 11. Rb1 e6 12. Ndc3 Nd4 13. b4 Nd7 14. Be3 e5 15. Nd5 Rb8 16. b5 b6 17. Qd2 a5 18. a4 Nxe2+ 19. Qxe2 Bb7 20. Qd2 Bxd5 21. exd5 f5 22. f4 Re8 23. Rbe1 Qc7 24. Re2 exf4 25. gxf4 Nf6 26. h3 Nh5 27. Kh2 Re7 28. Bf3 Nf6 29. Rfe1 Rbe8 30. Bf2 Qd7 31. Bh4 Rxe2+ 32. Rxe2 Rxe2+ 33. Qxe2 Qf7 34. Qe6 Qxe6 35. dxe6 Kf8 36. Kg2 Ke7 37. Bd5 h6 38. Kf3 Ke8 39. Ke3 Nh7 40. Bc6+ 1-0

[Event "BRA-ch Amateur"]
[Site "Sao Paulo"]
[Date "2014.03.03"]
[Round "6"]
[White "Brandao, Renan Alves"]
[Black "Brandt, Ladir Albano Becker"]
[Result "1-0"]
[WhiteElo "2075"]
[BlackElo "1763"]
[PlyCount "87"]
[EventDate "2014.03.01"]
[EventType "swiss"]
[EventRounds "7"]
[EventCountry "BRA"]
[SourceTitle "EXT 2016"]
[Source "ChessBase"]
[SourceDate "2015.10.08"]
[SourceVersion "1"]
[SourceVersionDate "2015.10.08"]
[SourceQuality "1"]

1. e4 d6 2. d4 Nf6 3. Nc3 e5 4. Nf3 exd4 5. Nxd4 Be7 6. f3 a6 7. Be3 Nc6 8. Nb3 0-0 9. Qd2 b5 10. 0-0-0 b4 11. Nd5 a5 12. Nd4 Nxd4 13. Bxd4 Nxd5 14. exd5 Bf6 15. Bb5 Bxd4 16. Qxd4 Qg5+ 17. f4 Qf6 18. Qxf6 gxf6 19. Bc6 Ra7 20. Rhe1 Kg7 21. Re7 h6 22. Rd3 f5 23. Rd4 Kf6 24. Re3 Bb7 25. Ba4 Rc8 26. c3 Rg8 27. g3 Rc8 28. Kb1 bxc3 29. Rxc3 Ba8 30. Kc2 Rb8 31. Rb3 Rb4 32. Rbxb4 axb4 33. Bb3 Ra5 34. Kd3 Rc5 35. Bc4 Bb7 36. Ke3 Ke7 37. Bb3 Ba8 38. Rd2 Kf6 39. Kd4 Rc1 40. Re2 c5+ 41. dxc6 Bxc6 42. Rc2 Rd1+ 43. Kc4 Be4 44. Rf2 1-0

[Event "BRA-ch Amateur"]
[Site "Sao Paulo"]
[Date "2014.03.02"]
[Round "3"]
[White "Brandt, Ladir Albano Becker"]
[Black "Sa, Antonio Villar Marq"]
[Result "1/2-1/2"]
[WhiteElo "1763"]
[BlackElo "1975"]
[PlyCount "66"]
[EventDate "2014.03.01"]
[EventType "swiss"]
[EventRounds "7"]
[EventCountry "BRA"]
[SourceTitle "EXT 2016"]
[Source "ChessBase"]
[SourceDate "2015.10.08"]
[SourceVersion "1"]
[SourceVersionDate "2015.10.08"]
[SourceQuality "1"]

1. d4 Nf6 2. c4 e6 3. Nf3 b6 4. Nc3 Bb7 5. e3 Be7 6. Be2 d5 7. 0-0 0-0 8. Bd2 Nbd7 9. Rc1 c5 10. cxd5 Nxd5 11. Nxd5 Bxd5 12. a3 Nf6 13. dxc5 Bxc5 14. b4 Bd6 15. Nd4 Rc8 16. Bf3 Ne4 17. Rxc8 Qxc8 18. Bxe4 Bxe4 19. f3 Bd3 20. Rf2 Qb8 21. g3 Rc8 22. Be1 Ba6 23. Rc2 Bb7 24. Kg2 Be5 25. Qc1 Bxd4 26. Rxc8+ Qxc8 27. Qxc8+ Bxc8 28. exd4 Kf8 29. Kf2 Ke7 30. a4 Kd6 31. Ke3 Kd5 32. a5 Bb7 33. h4 g6 1/2-1/2

[Event "BRA-ch Amateur"]
[Site "Sao Paulo"]
[Date "2014.03.02"]
[Round "4"]
[White "Franca, Willian Bento"]
[Black "Brandt, Ladir Albano Becker"]
[Result "1-0"]
[WhiteElo "1986"]
[BlackElo "1763"]
[PlyCount "45"]
[EventDate "2014.03.01"]
[EventType "swiss"]
[EventRounds "7"]
[EventCountry "BRA"]
[SourceTitle "EXT 2016"]
[Source "ChessBase"]
[SourceDate "2015.10.08"]
[SourceVersion "1"]
[SourceVersionDate "2015.10.08"]
[SourceQuality "1"]

1. e4 d6 2. d4 Nf6 3. Nc3 e5 4. Nf3 exd4 5. Nxd4 Be7 6. Be2 0-0 7. 0-0 Re8 8. f4 Nbd7 9. Bf3 Nc5 10. Bd2 c6 11. Kh1 Bf8 12. Qe2 Qb6 13. Nb3 Nxb3 14. axb3 Qc7 15. Rae1 b6 16. g4 h6 17. h4 a5 18. Qg2 Nh7 19. g5 hxg5 20. hxg5 Qd7 21. Kh2 Ba6 22. Rh1 d5 23. Kg3 1-0

[Event "Forquilhinha op"]
[Site "Forquilhinha"]
[Date "2013.10.11"]
[Round "3"]
[White "Orguim da Silva, Joao Carlos"]
[Black "Brandt, Ladir Albano Becker"]
[Result "1-0"]
[WhiteElo "1914"]
[BlackElo "1812"]
[PlyCount "91"]
[EventDate "2013.10.10"]
[EventType "swiss"]
[EventRounds "7"]
[EventCountry "BRA"]
[SourceTitle "EXT 2014"]
[Source "ChessBase"]
[SourceDate "2013.11.20"]
[SourceVersion "1"]
[SourceVersionDate "2013.11.20"]
[SourceQuality "1"]

1. d4 d5 2. c4 e6 3. Nc3 Nf6 4. cxd5 exd5 5. Bg5 Be7 6. e3 c6 7. Qc2 0-0 8. Bd3 Nbd7 9. h4 Re8 10. 0-0-0 Nf8 11. Bxf6 Bxf6 12. g3 h6 13. Nge2 b6 14. Nf4 Bb7 15. Qb3 Ne6 16. Nxe6 Rxe6 17. Bf5 Re8 18. Rhe1 Bc8 19. Qc2 Bxf5 20. Qxf5 Qc8 21. Qxc8 Raxc8 22. Kb1 Red8 23. Ne2 Kf8 24. Rc1 Be7 25. Rc2 c5 26. Rec1 c4 27. Nc3 a6 28. a3 b5 29. Ka2 Rb8 30. Ra1 a5 31. Kb1 b4 32. axb4 axb4 33. Nd1 Ra8 34. Rxa8 Rxa8 35. e4 b3 36. Rc1 dxe4 37. Rxc4 Bf6 38. Ne3 Rd8 39. d5 g5 40. h5 Bg7 41. Nf5 f6 42. d6 Kf7 43. Rxe4 Bf8 44. Re3 Rd7 45. Rxb3 Bxd6 46. Nxh6+ 1-0

[Event "Catarinense-ch 59th"]
[Site "Joinville"]
[Date "2013.09.21"]
[Round "3"]
[White "Boabaid, Jorge Alberto Duard"]
[Black "Brandt, Ladir Albano Becker"]
[Result "0-1"]
[WhiteElo "1883"]
[BlackElo "1812"]
[PlyCount "78"]
[EventDate "2013.09.19"]
[EventType "swiss"]
[EventRounds "7"]
[EventCountry "BRA"]
[SourceTitle "CBM 156 Extra"]
[Source "ChessBase"]
[SourceDate "2013.10.22"]
[SourceVersion "1"]
[SourceVersionDate "2013.10.22"]
[SourceQuality "1"]

1. e4 d6 2. d4 Nf6 3. Nc3 e5 4. d5 Be7 5. Nf3 0-0 6. Be2 Nbd7 7. 0-0 Nc5 8. Nd2 c6 9. b4 Ncd7 10. a4 cxd5 11. Nxd5 Nxd5 12. exd5 f5 13. c4 a5 14. bxa5 Rxa5 15. Nb3 Ra8 16. a5 Nf6 17. Ba3 Ne4 18. Qc2 Ng5 19. f4 exf4 20. Rxf4 Bf6 21. Bb2 Bxb2 22. Qxb2 Nh3+ 23. gxh3 Qg5+ 24. Kh1 Qxf4 25. Rg1 g6 26. Qc3 Re8 27. Nc1 Qe5 28. Qb4 Qe4+ 29. Rg2 f4 30. Qc3 Qe3 31. Qf6 Bf5 32. Nb3 Be4 33. Nd4 Bxg2+ 34. Kxg2 Qe5 35. Qxe5 Rxe5 36. Kf3 g5 37. Nb5 Rxa5 38. Nxd6 h5 39. Ne4 Ra3+ 0-1

[Event "Dois Irmaos op"]
[Site "Dois Irmaos"]
[Date "2011.12.18"]
[Round "5"]
[White "Brandt, Ladir Albano Becker"]
[Black "Serra Azul da Fonseca, Luis Ernesto"]
[Result "0-1"]
[WhiteElo "1812"]
[BlackElo "2062"]
[PlyCount "60"]
[EventDate "2011.12.16"]
[EventType "swiss"]
[EventRounds "6"]
[EventCountry "BRA"]
[SourceTitle "CBM 146 Extra"]
[Source "ChessBase"]
[SourceDate "2012.02.29"]
[SourceVersion "1"]
[SourceVersionDate "2012.02.29"]
[SourceQuality "1"]

1. d4 d5 2. c4 e6 3. Nc3 Nf6 4. Bg5 Nbd7 5. e3 Be7 6. Nf3 0-0 7. Bd3 dxc4 8. Bxc4 a6 9. a4 c5 10. 0-0 b6 11. dxc5 Bxc5 12. Ne4 Be7 13. Nxf6+ Nxf6 14. Qxd8 Rxd8 15. Ne5 Bb7 16. Rfd1 h6 17. Bxf6 Bxf6 18. Nd7 Bxb2 19. Rab1 Bc6 20. Nxb6 Rxd1+ 21. Rxd1 Rb8 22. a5 Bc3 23. Bxa6 Bxa5 24. Nc8 Kf8 25. Rc1 Bd7 26. h3 Bb4 27. Rd1 Ba4 28. Rd8+ Be8 29. Rd1 f5 30. Nd6 Rd8 0-1